Soberanía parlamentaria ¿ficción o realidad?: Los partidos políticos en le parlamento costarricense /

Gespeichert in:
Bibliographische Detailangaben
1. Verfasser: White Gómez, Elaine
Format: Text
Tags: Tag hinzufügen
Keine Tags, Fügen Sie den ersten Tag hinzu!

MARC

LEADER 00000 a a2200000 04500
001 3766
003
040
100 |a White Gómez, Elaine  
245 |a Soberanía parlamentaria ¿ficción o realidad?:   |b Los partidos políticos en le parlamento costarricense /  |c Elaine White Gómez 
773 |g número 4; páginas 77-93  
999 |c 32443  |d 32443